000 01053nam a22002417a 4500
005 20240530110548.0
008 160209s2012 ua ao g b 000 0 ara d
017 _a2012/10734
_bمصر . دار الكتب المصرية
020 _a977102793x
040 _aEG-CaGPL
082 0 4 _221
_a215.96216
_bق/م أ
100 1 _aمحمد عبدالعظيم الخولى .
245 1 2 _aالازهر الشريف فى العصر المملوكى ( 648 - 923 هـ / 1250 - 1517 م ) /
_cتاليف محمد عبدالعظيم الخولى ؛ مراجعة و تقديم عطية القوصى .
250 _aط1.
260 _aالقاهرة :
_bدار الفكر العربى ،
_c2012 .
300 _a327 ص :
_bايض ، صور ؛
_c24 سم .
504 _aببليوجرافية : ص 287 - 322
650 0 4 _aجامعة الازهر .
650 0 4 _aجامعة الازهر
_xتاريخ
_yالعصر المملوكى .
700 0 _aعطية القوصى
_eمراجع و مقدم .
942 _2ddc
_cBK
999 _c62408
_d62408